[Event "CYCC U12"]
[Site "Kapuskasing CAN"]
[Date "2004.07.07"]
[Round "4"]
[White "Hambleton, Aman"]
[Black "Zisckind, Tal"]
[Result "1-0"]
[WhiteElo "1963"]
[BlackElo "1217"]
[PlyCount "59"]
[GameId "2160767911095874"]
[EventDate "2004.07.06"]
[EventType "swiss"]
[EventRounds "7"]
[EventCountry "CAN"]
[SourceTitle "EXT 2006"]
[Source "ChessBase"]
[SourceDate "2005.11.24"]
[SourceVersion "1"]
[SourceVersionDate "2005.11.24"]
[SourceQuality "1"]

1. d4 d5 2. c4 e6 3. Nc3 Nf6 4. Bg5 Be7 5. Nf3 Nc6 6. e3 O-O 7. cxd5 exd5 8. Bb5 h6 9. Bh4 Rb8 10. Bxc6 bxc6 11. Qc2 Nd7 12. Bxe7 Qxe7 13. O-O Ba6 14. Rfd1 Rb7 15. b3 Rfb8 16. Rac1 Qd6 17. Na4 Rb5 18. Qxc6 Qxc6 19. Rxc6 Bb7 20. Rxc7 Nf6 21. Ne5 Rf8 22. Nd7 Nxd7 23. Rxd7 Rc8 24. Nc5 Bc6 25. Rxa7 Be8 26. a4 Rbb8 27. Rb1 Kf8 28. b4 Rb6 29. a5 Rb5 30. Rb7 1-0

[Event "CYCC U12"]
[Site "Kapuskasing CAN"]
[Date "2004.07.07"]
[Round "4"]
[White "Jiang, Bowen"]
[Black "Levesque, Mason"]
[Result "1-0"]
[WhiteElo "1385"]
[BlackElo "943"]
[PlyCount "127"]
[GameId "2160767911095875"]
[EventDate "2004.07.06"]
[EventType "swiss"]
[EventRounds "7"]
[EventCountry "CAN"]
[SourceTitle "EXT 2006"]
[Source "ChessBase"]
[SourceDate "2005.11.24"]
[SourceVersion "1"]
[SourceVersionDate "2005.11.24"]
[SourceQuality "1"]

1. d4 e6 2. e4 Nf6 3. Nc3 d5 4. e5 Ne4 5. Nxe4 dxe4 6. c3 c5 7. a3 cxd4 8. cxd4 Nc6 9. Be3 f6 10. exf6 gxf6 11. Qh5+ Kd7 12. Bc4 Qa5+ 13. Qxa5 Nxa5 14. Bb5+ Kd8 15. Ne2 a6 16. Ba4 Bd7 17. Bc2 f5 18. Rc1 Nc4 19. Bg5+ Be7 20. Bxe7+ Kxe7 21. Rb1 Bc6 22. Bb3 Na5 23. Ba2 e3 24. f4 Bxg2 25. Rg1 Rhg8 26. Rc1 Nc6 27. Ng3 Bd5 28. Bxd5 exd5 29. Nxf5+ Kf6 30. Rxg8 Rxg8 31. Nxe3 Rg1+ 32. Kd2 Rxc1 33. Kxc1 Ke6 34. f5+ Kd6 35. Nc2 Na5 36. Kd2 Nc4+ 37. Kc3 Nb6 38. Kd3 Na4 39. b3 Nb2+ 40. Kd2 a5 41. Ne3 a4 42. Kc2 Nc4 43. bxc4 dxc4 44. Nxc4+ Ke7 45. Nb6 Kf6 46. Nxa4 Kxf5 47. Kc3 b5 48. Nc5 Kf4 49. Kb4 Ke3 50. d5 Kd4 51. d6 h5 52. d7 h4 53. d8=Q+ Ke5 54. Qxh4 Kf5 55. Kxb5 Ke5 56. a4 Kd6 57. a5 Kd5 58. a6 Kd6 59. a7 Ke5 60. a8=Q Kf5 61. Qd5+ Kg6 62. Qe6+ Kg7 63. Qg5+ Kh7 64. Qeh6# 1-0

[Event "CYCC U12"]
[Site "Kapuskasing CAN"]
[Date "2004.07.07"]
[Round "4"]
[White "MacKinnon, Keith"]
[Black "Douglas, Richard"]
[Result "0-1"]
[WhiteElo "1651"]
[BlackElo "1668"]
[PlyCount "64"]
[GameId "2160767911095876"]
[EventDate "2004.07.06"]
[EventType "swiss"]
[EventRounds "7"]
[EventCountry "CAN"]
[SourceTitle "EXT 2006"]
[Source "ChessBase"]
[SourceDate "2005.11.24"]
[SourceVersion "1"]
[SourceVersionDate "2005.11.24"]
[SourceQuality "1"]

1. e4 Nf6 2. Nc3 d5 3. exd5 Nxd5 4. Bc4 Nb6 5. Bb3 Nc6 6. d3 Bf5 7. Nf3 e6 8. Bf4 Qd7 9. O-O Be7 10. h3 h5 11. Qd2 O-O-O 12. a4 a6 13. Rfe1 Bb4 14. Ne5 Nxe5 15. Bxe5 f6 16. Bh2 g5 17. Qe2 e5 18. Qf3 g4 19. hxg4 hxg4 20. Qe3 Qh7 21. Qg3 Bd6 22. Ne4 Bxe4 23. Be6+ Kb8 24. dxe4 Rde8 25. Bf5 Qh6 26. Bxg4 Reg8 27. f3 Bc5+ 28. Kh1 Bf2 29. Qh3 Qg5 30. Bh5 Rxh5 31. Qg4 Qxg4 32. fxg4 Rxh2+ 0-1

[Event "CYCC U12"]
[Site "Kapuskasing CAN"]
[Date "2004.07.07"]
[Round "4"]
[White "Sithamparapillai, Arjun"]
[Black "Nadeau, Jeremie"]
[Result "1-0"]
[WhiteElo "1353"]
[BlackElo "1240"]
[PlyCount "94"]
[GameId "2160767911095877"]
[EventDate "2004.07.06"]
[EventType "swiss"]
[EventRounds "7"]
[EventCountry "CAN"]
[SourceTitle "EXT 2006"]
[Source "ChessBase"]
[SourceDate "2005.11.24"]
[SourceVersion "1"]
[SourceVersionDate "2005.11.24"]
[SourceQuality "1"]

1. e4 e5 2. Nf3 Nc6 3. d4 exd4 4. Nxd4 Nf6 5. f3 Bc5 6. Nxc6 bxc6 7. Bg5 O-O 8. Be2 Be7 9. Nc3 Nh5 10. Be3 g6 11. f4 Ng7 12. g3 a5 13. h4 Bf6 14. e5 Be7 15. h5 d6 16. hxg6 fxg6 17. Bc4+ Be6 18. Bxe6+ Nxe6 19. Qg4 Qd7 20. Qh3 Rf7 21. O-O-O Nf8 22. Qxd7 Nxd7 23. e6 Rff8 24. exd7 Rfd8 25. Ne4 Rxd7 26. Nc5 Rdd8 27. Ne6 Rdc8 28. Nd4 c5 29. Nc6 Bf8 30. Bd2 Ra6 31. Nxa5 Bg7 32. b3 Rb8 33. a4 d5 34. Rde1 c4 35. b4 c3 36. Be3 Rxb4 37. Nb3 Raxa4 38. Bc5 Rb8 39. Re7 Rba8 40. Kb1 Rc8 41. Rhe1 Bf6 42. Re8+ Rxe8 43. Rxe8+ Kg7 44. Rc8 Re4 45. Rxc7+ Re7 46. Bxe7 Bxe7 47. Rxe7+ Kf6 1-0

[Event "CYCC U12"]
[Site "Kapuskasing CAN"]
[Date "2004.07.07"]
[Round "4"]
[White "Wywrot, Allen"]
[Black "Moore, Jeremy"]
[Result "1-0"]
[WhiteElo "1041"]
[BlackElo "812"]
[PlyCount "79"]
[GameId "2160767911095878"]
[EventDate "2004.07.06"]
[EventType "swiss"]
[EventRounds "7"]
[EventCountry "CAN"]
[SourceTitle "EXT 2006"]
[Source "ChessBase"]
[SourceDate "2005.11.24"]
[SourceVersion "1"]
[SourceVersionDate "2005.11.24"]
[SourceQuality "1"]

1. g3 d6 2. Bg2 g6 3. Nf3 Bg7 4. O-O a5 5. Nc3 Ra6 6. Nd5 c6 7. Nc3 Rb6 8. Na4 Nd7 9. Rb1 Ne5 10. Nd4 c5 11. Nb3 c4 12. Nxa5 Bh6 13. b3 c3 14. Nxc3 g5 15. Bb2 Nf6 16. Nd5 e6 17. Nc3 d5 18. Na4 Nfg4 19. Bd4 Nc6 20. Bxb6 Qf6 21. c3 O-O 22. b4 Nxa5 23. Bxa5 Rd8 24. Bb6 Rd6 25. Bd4 Ra6 26. Bxf6 Rxa4 27. Qxa4 b5 28. Qa8 Bg7 29. Qxc8+ Bf8 30. Bxg5 Kg7 31. Bh3 f5 32. Qxe6 h6 33. Qxf5 hxg5 34. Bxg4 Be7 35. Bh5 Bf6 36. f4 gxf4 37. Rxf4 d4 38. Qxf6+ Kh7 39. Rg4 dxc3 40. Qg7# 1-0

[Event "CYCC U12"]
[Site "Kapuskasing CAN"]
[Date "2004.07.08"]
[Round "5"]
[White "Douglas, Richard"]
[Black "Hambleton, Aman"]
[Result "0-1"]
[WhiteElo "1668"]
[BlackElo "1963"]
[PlyCount "94"]
[GameId "2160767911095879"]
[EventDate "2004.07.06"]
[EventType "swiss"]
[EventRounds "7"]
[EventCountry "CAN"]
[SourceTitle "EXT 2006"]
[Source "ChessBase"]
[SourceDate "2005.11.24"]
[SourceVersion "1"]
[SourceVersionDate "2005.11.24"]
[SourceQuality "1"]

1. e4 e6 2. d4 d5 3. Nc3 Bb4 4. exd5 exd5 5. Bd3 Nf6 6. Bg5 c6 7. Nf3 Bg4 8. O-O O-O 9. a3 Bd6 10. h3 Bh5 11. Bf5 Bg6 12. Bxg6 hxg6 13. Ne5 Re8 14. Re1 Nbd7 15. f4 Qb6 16. Qd2 Nxe5 17. fxe5 Bxe5 18. Rxe5 Rxe5 19. Na4 Qb5 20. dxe5 Ne4 21. Qb4 Qxb4 22. axb4 Nxg5 23. Nb6 Re8 24. Rxa7 Rxe5 25. Kf1 Re4 26. c3 d4 27. Rxb7 Ne6 28. Na4 f5 29. Rd7 Kf8 30. Nb6 Ke8 31. Kf2 g5 32. Rd6 Ke7 33. Nc8+ Kf6 34. Rxc6 Ke5 35. Rd6 dxc3 36. bxc3 Rc4 37. Rd3 Rxc8 38. b5 Rc5 39. c4 Rxc4 40. Rb3 Nd4 41. Rb1 Rc7 42. b6 Rb7 43. Ke3 Ne6 44. Rb5+ Kf6 45. g4 g6 46. Kd3 Nf8 47. Kc4 Nd7 0-1

[Event "CYCC U12"]
[Site "Kapuskasing CAN"]
[Date "2004.07.08"]
[Round "5"]
[White "Kaufman, Harris"]
[Black "Gibson, Kevin"]
[Result "1-0"]
[WhiteElo "1676"]
[BlackElo "1473"]
[PlyCount "43"]
[GameId "2160767911095881"]
[EventDate "2004.07.06"]
[EventType "swiss"]
[EventRounds "7"]
[EventCountry "CAN"]
[SourceTitle "EXT 2006"]
[Source "ChessBase"]
[SourceDate "2005.11.24"]
[SourceVersion "1"]
[SourceVersionDate "2005.11.24"]
[SourceQuality "1"]

1. e4 c5 2. Nf3 Nc6 3. d4 cxd4 4. Nxd4 g6 5. Nc3 Bg7 6. Be3 Nf6 7. f3 d6 8. Qd2 h6 9. Be2 Bd7 10. O-O-O a6 11. g4 b5 12. Nxc6 Bxc6 13. a3 Qa5 14. h4 Rc8 15. g5 hxg5 16. hxg5 Nh5 17. Bd4 Be5 18. Bxe5 dxe5 19. Rh4 Rd8 20. Qe1 Rxd1+ 21. Bxd1 Qb6 22. Na2 1-0

[Event "CYCC U12"]
[Site "Kapuskasing CAN"]
[Date "2004.07.08"]
[Round "5"]
[White "Moore, Zachary"]
[Black "MacKinnon, Keith"]
[Result "0-1"]
[WhiteElo "957"]
[BlackElo "1651"]
[PlyCount "48"]
[GameId "2160767911095882"]
[EventDate "2004.07.06"]
[EventType "swiss"]
[EventRounds "7"]
[EventCountry "CAN"]
[SourceTitle "EXT 2006"]
[Source "ChessBase"]
[SourceDate "2005.11.24"]
[SourceVersion "1"]
[SourceVersionDate "2005.11.24"]
[SourceQuality "1"]

1. e4 c5 2. d4 cxd4 3. Qxd4 Nc6 4. Qd5 e6 5. Qc4 d5 6. exd5 exd5 7. Qd4 Nxd4 8. c3 Nc2+ 9. Kd1 Nxa1 10. Bb5+ Bd7 11. Bd3 Qa5 12. b4 Qxa2 13. Ne2 Nb3 14. Na3 Nxc1 15. Nxc1 Qxa3 16. Re1+ Be7 17. b5 Qxc3 18. g4 Bxg4+ 19. Be2 Bg5 20. f4 Bxf4 21. Bxg4+ Ne7 22. Ke2 Bxc1 23. h4 Qe3+ 24. Kd1 Qd2# 0-1

[Event "CYCC U12"]
[Site "Kapuskasing CAN"]
[Date "2004.07.08"]
[Round "5"]
[White "Nadeau, Jeremie"]
[Black "Dawson, Jeffrey"]
[Result "1-0"]
[WhiteElo "1240"]
[BlackElo "1224"]
[PlyCount "143"]
[GameId "2160767911095883"]
[EventDate "2004.07.06"]
[EventType "swiss"]
[EventRounds "7"]
[EventCountry "CAN"]
[SourceTitle "EXT 2006"]
[Source "ChessBase"]
[SourceDate "2005.11.24"]
[SourceVersion "1"]
[SourceVersionDate "2005.11.24"]
[SourceQuality "1"]

1. e4 d5 2. exd5 Qxd5 3. Nf3 Nf6 4. Nc3 Qa5 5. d4 Bg4 6. Be2 e6 7. O-O Nbd7 8. h3 Bf5 9. Bd2 c6 10. Ne4 Qc7 11. Nxf6+ Nxf6 12. b3 Be7 13. Bd3 Bxd3 14. cxd3 O-O-O 15. Bc3 Nh5 16. Ne5 Rdf8 17. Qxh5 g6 18. Qf3 f5 19. Qe3 h6 20. Nxg6 f4 21. Qf3 Rhg8 22. Nxf8 Bxf8 23. Rfe1 Qf7 24. g3 Be7 25. Kf1 Bd6 26. a3 h5 27. Bb4 Bc7 28. Re4 Qg6 29. Rd1 fxg3 30. fxg3 Bxg3 31. a4 Bf4 32. Rxf4 Qg1+ 33. Ke2 Rg2+ 34. Qxg2 Qxg2+ 35. Rf2 Qxh3 36. Rg1 b6 37. Ba3 Qh4 38. b4 Qxd4 39. Rg8+ Kb7 40. Rf7+ Ka6 41. b5+ cxb5 42. Rgg7 bxa4 43. Rxa7+ Kb5 44. Rg5+ Kc6 45. Rg6 Qe5+ 46. Kd2 h4 47. Re7 Kd5 48. Rd7+ Kc6 49. Rd6+ Qxd6 50. Bxd6 Kxd6 51. Rh6 a3 52. Kc2 b5 53. Rxh4 Kc5 54. Kb3 b4 55. Rxb4 a2 56. Ra4 e5 57. Kxa2 Kd5 58. Kb2 Ke6 59. Re4 Kd5 60. Kc3 Ke6 61. Kc4 Kf5 62. Kd5 Kf6 63. Rxe5 Kg6 64. Ke6 Kg7 65. Rf5 Kg6 66. d4 Kg7 67. Rf6 Kg8 68. Rf7 Kh8 69. Ra7 Kg8 70. Kf6 Kh8 71. Kg6 Kg8 72. Ra8# 1-0

[Event "CYCC U12"]
[Site "Kapuskasing CAN"]
[Date "2004.07.08"]
[Round "5"]
[White "Sithamparapillai, Arjun"]
[Black "Chung, Kevin"]
[Result "0-1"]
[WhiteElo "1353"]
[BlackElo "2007"]
[PlyCount "76"]
[GameId "2160767911095884"]
[EventDate "2004.07.06"]
[EventType "swiss"]
[EventRounds "7"]
[EventCountry "CAN"]

1. e4 e6 2. d4 d5 3. Nc3 Bb4 4. exd5 exd5 5. Bd3 Ne7 6. a3 Bxc3+ 7. bxc3 Bf5 8. Be2 O-O 9. Nf3 c6 10. Bg5 f6 11. Bf4 Ng6 12. Bg3 Qa5 13. Qd2 Qa4 14. Ra2 Nd7 15. O-O Rfe8 16. Nh4 Nxh4 17. Bxh4 Re6 18. Rb1 b5 19. Rb4 Qa5 20. f3 Rae8 21. Bf1 Nb6 22. Qf4 Bg6 23. Qc7 R8e7 24. Qd8+ Be8 25. Bg3 Rd7 26. Qb8 Nc4 27. Bxc4 dxc4 28. a4 Rxd4 29. cxd4 Qxb4 30. Ra1 Qc3 31. Rf1 Qxc2 32. axb5 cxb5 33. Qxa7 Qd3 34. Qa1 c3 35. Rd1 Qc4 36. d5 Re2 37. Rc1 Ra2 38. Qxc3 Qe2 0-1

[Event "CYCC U12"]
[Site "Kapuskasing CAN"]
[Date "2004.07.08"]
[Round "5"]
[White "Yam, Richard"]
[Black "Jiang, Bowen"]
[Result "1-0"]
[WhiteElo "1547"]
[BlackElo "1385"]
[PlyCount "103"]
[GameId "2160767911095885"]
[EventDate "2004.07.06"]
[EventType "swiss"]
[EventRounds "7"]
[EventCountry "CAN"]
[SourceTitle "EXT 2006"]
[Source "ChessBase"]
[SourceDate "2005.11.24"]
[SourceVersion "1"]
[SourceVersionDate "2005.11.24"]
[SourceQuality "1"]

1. e4 c5 2. Nf3 Nc6 3. Nc3 e6 4. d4 cxd4 5. Nxd4 a6 6. Nxc6 bxc6 7. Bc4 d5 8. Bb3 Bd6 9. Qe2 d4 10. Nb1 Qc7 11. Nd2 c5 12. Nc4 Bb7 13. Bd2 a5 14. Ba4+ Kf8 15. h3 Be7 16. e5 Bxg2 17. Rg1 Bd5 18. Na3 Qb7 19. Qb5 Qxb5 20. Nxb5 Bd8 21. Na3 Ne7 22. Bb3 Bc7 23. f4 a4 24. Bxd5 Nxd5 25. Nb5 Ba5 26. c3 Rb8 27. Nd6 dxc3 28. bxc3 Bxc3 29. Bxc3 Nxc3 30. Kf2 Nd5 31. Rab1 Rxb1 32. Rxb1 Ke7 33. Rb7+ Kd8 34. Rb8+ Kc7 35. Rxh8 Kb6 36. Kf3 Ka5 37. Rb8 Nb4 38. Ra8+ Kb6 39. Rxa4 Nd5 40. Ra8 Kc7 41. Ra7+ Kb6 42. Rxf7 Ka5 43. Rxg7 Kb4 44. Rb7+ Kc3 45. Rxh7 c4 46. Ne4+ Kd3 47. Nc5+ Kd2 48. Nxe6 c3 49. Rd7 c2 50. Rxd5+ Kc3 51. Rc5+ Kb2 52. Rxc2+ 1-0

[Event "CYCC U12"]
[Site "Kapuskasing CAN"]
[Date "2004.07.08"]
[Round "5"]
[White "Zisckind, Tal"]
[Black "Wywrot, Allen"]
[Result "1-0"]
[WhiteElo "1217"]
[BlackElo "1041"]
[PlyCount "55"]
[GameId "2160767911095886"]
[EventDate "2004.07.06"]
[EventType "swiss"]
[EventRounds "7"]
[EventCountry "CAN"]
[SourceTitle "EXT 2006"]
[Source "ChessBase"]
[SourceDate "2005.11.24"]
[SourceVersion "1"]
[SourceVersionDate "2005.11.24"]
[SourceQuality "1"]

1. e4 b6 2. Nf3 Bb7 3. Nc3 Nf6 4. d3 c6 5. Be2 e6 6. O-O d5 7. exd5 cxd5 8. Bf4 Ng4 9. Nd4 Bd6 10. Bxd6 Qxd6 11. Bxg4 h5 12. Be2 g6 13. Qd2 Qc5 14. Nb3 Qc6 15. d4 f6 16. Bb5 O-O 17. Bxc6 Bxc6 18. Qh6 Nd7 19. Qxg6+ Kh8 20. Qxh5+ Kg8 21. Qg4+ Kh7 22. Qxe6 Rac8 23. Nxd5 Bxd5 24. Qxd5 Rfd8 25. Qh5+ Kg7 26. Rfe1 Rh8 27. Re7+ Kg8 28. Qf7# 1-0

[Event "CYCC U12"]
[Site "Kapuskasing CAN"]
[Date "2004.07.08"]
[Round "6"]
[White "Gibson, Kevin"]
[Black "Chung, Kevin"]
[Result "0-1"]
[WhiteElo "1473"]
[BlackElo "2007"]
[PlyCount "76"]
[GameId "2160767911095887"]
[EventDate "2004.07.06"]
[EventType "swiss"]
[EventRounds "7"]
[EventCountry "CAN"]

1. d4 e6 2. e4 d5 3. Nd2 c5 4. c3 Nc6 5. Ngf3 cxd4 6. Nxd4 Bc5 7. Nxc6 bxc6 8. Nb3 Bd6 9. exd5 cxd5 10. Be3 Ne7 11. Bd3 O-O 12. h4 f5 13. g3 e5 14. Qc2 a5 15. a4 Be6 16. Nc5 Bxc5 17. Bxc5 Rc8 18. Bxe7 Qxe7 19. Qd2 Qb7 20. Rg1 Rfe8 21. Bb5 Bd7 22. Bxd7 Qxd7 23. Rd1 Rcd8 24. Qc2 e4 25. Kf1 e3 26. fxe3 Rxe3 27. Re1 Re4 28. Rxe4 dxe4 29. Ke2 Qe6 30. b3 Rd3 31. Rg2 Qe5 32. b4 Rxc3 33. Qa2+ Kf8 34. bxa5 Qc5 35. Kd1 Rc1+ 36. Kd2 Qc3+ 37. Ke2 Re1+ 38. Kf2 Qe3# 0-1

[Event "CYCC U12"]
[Site "Kapuskasing CAN"]
[Date "2004.07.08"]
[Round "6"]
[White "Hambleton, Aman"]
[Black "Kaufman, Harris"]
[Result "0-1"]
[WhiteElo "1963"]
[BlackElo "1674"]
[PlyCount "98"]
[GameId "2160767911095888"]
[EventDate "2004.07.06"]
[EventType "swiss"]
[EventRounds "7"]
[EventCountry "CAN"]

1. d4 d5 2. c4 e6 3. Nc3 Nf6 4. Bg5 Nbd7 5. e3 c6 6. cxd5 exd5 7. Bd3 Qa5 8. Qc2 Bd6 9. Nf3 O-O 10. O-O h6 11. Bh4 Re8 12. a3 Qc7 13. b4 a6 14. Rab1 b5 15. Bf5 a5 16. Rfc1 Qb6 17. Nd1 Bb7 18. Ne1 axb4 19. axb4 Ra4 20. Nd3 Qc7 21. Nc3 Bxh2+ 22. Kf1 g5 23. Nxa4 bxa4 24. b5 Rc8 25. bxc6 Bxc6 26. Nb4 Bb5+ 27. Bd3 Qxc2 28. Rxc2 Rxc2 29. Bxb5 Rc7 30. Bg3 Bxg3 31. fxg3 Ne4 32. Nxd5 Rb7 33. Ke1 a3 34. Bd3 Rxb1+ 35. Bxb1 Nxg3 36. Kd2 h5 37. Nc3 Nb6 38. Kd3 g4 39. Nd1 f5 40. Ba2+ Kf8 41. Bb3 Ne4 42. Nc3 Nxc3 43. Kxc3 h4 44. Bd1 Nc4 45. Bb3 Nxe3 46. Ba4 Nxg2 47. Bc6 h3 48. Kb3 f4 49. Kxa3 f3 0-1

[Event "CYCC U12"]
[Site "Kapuskasing CAN"]
[Date "2004.07.08"]
[Round "6"]
[White "Jiang, Bowen"]
[Black "Douglas, Richard"]
[Result "1/2-1/2"]
[WhiteElo "1382"]
[BlackElo "1668"]
[PlyCount "42"]
[GameId "2160767911095889"]
[EventDate "2004.07.06"]
[EventType "swiss"]
[EventRounds "7"]
[EventCountry "CAN"]

1. d4 Nf6 2. c4 g6 3. Nc3 Bg7 4. e4 d6 5. Nf3 O-O 6. Be2 Nbd7 7. Be3 e5 8. d5 Nc5 9. Qc2 a5 10. O-O b6 11. a3 a4 12. Bxc5 bxc5 13. Nxa4 Bd7 14. Nc3 Nh5 15. Ne1 Nf4 16. Nd3 f5 17. f3 Qg5 18. Nxf4 exf4 19. Kh1 Bd4 20. Bd3 Kh8 21. Rae1 Qh4 1/2-1/2

[Event "CYCC U12"]
[Site "Kapuskasing CAN"]
[Date "2004.07.08"]
[Round "6"]
[White "Levesque, Mason"]
[Black "Greene, Spencer"]
[Result "1-0"]
[WhiteElo "943"]
[BlackElo "935"]
[PlyCount "59"]
[GameId "2160767911095890"]
[EventDate "2004.07.06"]
[EventType "swiss"]
[EventRounds "7"]
[EventCountry "CAN"]

1. e3 Nh6 2. Qf3 e6 3. Nh3 Nc6 4. d4 d5 5. e4 Ne7 6. Ng5 e5 7. dxe5 Bg4 8. Qg3 c6 9. h3 Qa5+ 10. Bd2 Nef5 11. exf5 Qc7 12. hxg4 f6 13. Ne6 Qxe5+ 14. Qxe5 fxe5 15. Nc7+ Kd8 16. Nxa8 Bc5 17. b4 Bd4 18. c3 Bb6 19. Nxb6 axb6 20. Bxh6 gxh6 21. Rxh6 d4 22. cxd4 exd4 23. Rd6+ Ke7 24. Rxd4 Kf6 25. Nc3 Re8+ 26. Be2 Ke5 27. Rd7 Kf4 28. g3+ Ke5 29. Rad1 c5 30. R1d3 1-0

[Event "CYCC U12"]
[Site "Kapuskasing CAN"]
[Date "2004.07.08"]
[Round "6"]
[White "MacKinnon, Keith"]
[Black "Dawson, Jeffrey"]
[Result "1-0"]
[WhiteElo "1651"]
[BlackElo "1224"]
[PlyCount "83"]
[GameId "2160767911095891"]
[EventDate "2004.07.06"]
[EventType "swiss"]
[EventRounds "7"]
[EventCountry "CAN"]

1. e4 d5 2. exd5 Qxd5 3. Nc3 Qa5 4. Bc4 Bf5 5. Nf3 e6 6. O-O Nf6 7. d3 c6 8. Bf4 Be7 9. Qe2 Nbd7 10. Ne4 Nxe4 11. dxe4 Bg6 12. Rfd1 Nc5 13. Bd3 O-O-O 14. c3 Bd6 15. b4 Qb6 16. Bxd6 Na4 17. Qc2 Rxd6 18. Qxa4 a6 19. Bc2 Rxd1+ 20. Rxd1 h6 21. e5 Bh5 22. Be4 f6 23. exf6 gxf6 24. Qc2 Rg8 25. Qd3 f5 26. Bxf5 Bf7 27. Qd7+ Kb8 28. Qxf7 Rc8 29. Qxe6 Rf8 30. Qd6+ Qc7 31. Qxf8+ Ka7 32. Qxh6 Qf7 33. Qe3+ Kb8 34. Rd8+ Kc7 35. Rd7+ Qxd7 36. Bxd7 Kxd7 37. h4 Kc7 38. Qd3 Kb6 39. h5 c5 40. Qd6+ Kb5 41. Qxc5+ Ka4 42. Qa5# 1-0

[Event "CYCC U12"]
[Site "Kapuskasing CAN"]
[Date "2004.07.08"]
[Round "6"]
[White "Moore, Jeremy"]
[Black "Moore, Zachary"]
[Result "0-1"]
[WhiteElo "812"]
[BlackElo "957"]
[PlyCount "50"]
[GameId "2160767911095892"]
[EventDate "2004.07.06"]
[EventType "swiss"]
[EventRounds "7"]
[EventCountry "CAN"]

1. h4 e5 2. Nh3 Qxh4 3. g3 Qe4 4. Rg1 d5 5. Bg2 Qd4 6. e3 Qb6 7. Bxd5 Bxh3 8. Qf3 c6 9. Qxf7+ Kd8 10. Be6 a5 11. Rh1 Bg2 12. Rg1 Bd5 13. Bf5 Bxf7 14. d4 g6 15. Bg4 Qb4+ 16. c3 Qa4 17. Bd1 Qc4 18. Be2 Qe6 19. e4 exd4 20. cxd4 Qxe4 21. Nc3 Bb4 22. f3 Qc2 23. Rh1 Nf6 24. Rh4 Re8 25. Rf4 Qxe2# 0-1

[Event "CYCC U12"]
[Site "Kapuskasing CAN"]
[Date "2004.07.08"]
[Round "6"]
[White "Nadeau, Jeremie"]
[Black "Zisckind, Tal"]
[Result "0-1"]
[WhiteElo "1240"]
[BlackElo "1217"]
[PlyCount "50"]
[GameId "2160767911095893"]
[EventDate "2004.07.06"]
[EventType "swiss"]
[EventRounds "7"]
[EventCountry "CAN"]

1. e4 c5 2. Nf3 d6 3. Bc4 Nc6 4. d3 e6 5. a3 Nf6 6. O-O Be7 7. Be3 O-O 8. c3 d5 9. exd5 exd5 10. Bb3 Bg4 11. h3 Bh5 12. Nbd2 Ne5 13. d4 cxd4 14. cxd4 Nxf3+ 15. Nxf3 Rc8 16. Bc2 Bxf3 17. gxf3 Qd7 18. Qb1 Qxh3 19. Bf5 Qxf3 20. Bxc8 Rxc8 21. Qd1 Qh3 22. Bf4 Nh5 23. Be5 Rc6 24. Qe2 Rg6+ 25. Bg3 Nxg3 0-1

[Event "CYCC U12"]
[Site "Kapuskasing CAN"]
[Date "2004.07.08"]
[Round "6"]
[White "Yam, Richard"]
[Black "Sithamparapillai, Arjun"]
[Result "1/2-1/2"]
[WhiteElo "1547"]
[BlackElo "1353"]
[PlyCount "41"]
[GameId "2160767911095894"]
[EventDate "2004.07.06"]
[EventType "swiss"]
[EventRounds "7"]
[EventCountry "CAN"]

1. e4 e6 2. d4 d5 3. exd5 exd5 4. Bd3 Nc6 5. c3 Bd6 6. h3 h6 7. Nf3 Nf6 8. O-O O-O 9. Be3 Re8 10. Re1 Be6 11. Nbd2 Qd7 12. Nf1 Bf5 13. Bxf5 Qxf5 14. Rc1 Na5 15. N1d2 Ne4 16. Nxe4 dxe4 17. Nd2 Re6 18. b4 Nc6 19. Qg4 Qxg4 20. hxg4 Ne7 21. Nc4 1/2-1/2

[Event "CYCC U12"]
[Site "Kapuskasing CAN"]
[Date "2004.07.09"]
[Round "7"]
[White "Chung, Kevin"]
[Black "Zisckind, Tal"]
[Result "1-0"]
[WhiteElo "2007"]
[BlackElo "1217"]
[PlyCount "83"]
[GameId "2160767911095895"]
[EventDate "2004.07.06"]
[EventType "swiss"]
[EventRounds "7"]
[EventCountry "CAN"]

1. e4 c5 2. Nf3 d6 3. d4 cxd4 4. Nxd4 e5 5. Nb5 a6 6. N5c3 Nf6 7. Bg5 Be7 8. Bxf6 Bxf6 9. Nd5 O-O 10. c4 Nc6 11. Nbc3 Nd4 12. Be2 Be6 13. O-O Rc8 14. b3 Re8 15. Bg4 Rc6 16. Rb1 Bg5 17. Nb4 Rc8 18. a4 a5 19. Nbd5 Rc5 20. Re1 Qc8 21. Bxe6 fxe6 22. Ne3 Rf8 23. Nc2 Bh4 24. Rf1 Qd8 25. Nxd4 exd4 26. Qxd4 Rg5 27. Ne2 e5 28. Qd5+ Kh8 29. Ng3 Rf6 30. Rbd1 Bxg3 31. fxg3 Rxf1+ 32. Rxf1 b6 33. Rd1 Rg6 34. Qxe5 Qf8 35. Qd4 Qd8 36. e5 Qd7 37. Qxb6 h6 38. Rxd6 Rxd6 39. Qxd6 Qa7+ 40. c5 Qb7 41. h3 Qxb3 42. e6 1-0

[Event "CYCC U12"]
[Site "Kapuskasing CAN"]
[Date "2004.07.09"]
[Round "7"]
[White "Douglas, Richard"]
[Black "Wywrot, Allen"]
[Result "1-0"]
[WhiteElo "1668"]
[BlackElo "1041"]
[PlyCount "47"]
[GameId "2160767911095896"]
[EventDate "2004.07.06"]
[EventType "swiss"]
[EventRounds "7"]
[EventCountry "CAN"]

1. e4 g6 2. d4 Bg7 3. Nf3 Nf6 4. Nc3 O-O 5. h3 b6 6. Bf4 Bb7 7. Bd3 Nh5 8. Be3 e6 9. e5 Nc6 10. a4 Nf4 11. Bxf4 Nxd4 12. Be4 c5 13. Bxb7 Rb8 14. Be4 Re8 15. Nxd4 Qc7 16. Ndb5 Qc8 17. Nd6 Qc7 18. Ncb5 Qd8 19. h4 Bf8 20. a5 a6 21. h5 Bg7 22. hxg6 f6 23. gxh7+ Kh8 24. Nf7# 1-0

[Event "CYCC U12"]
[Site "Kapuskasing CAN"]
[Date "2004.07.09"]
[Round "7"]
[White "Greene, Spencer"]
[Black "Moore, Zachary"]
[Result "0-1"]
[WhiteElo "935"]
[BlackElo "957"]
[PlyCount "56"]
[GameId "2160767911095897"]
[EventDate "2004.07.06"]
[EventType "swiss"]
[EventRounds "7"]
[EventCountry "CAN"]

1. Nh3 e6 2. c3 Bc5 3. Qb3 Nf6 4. Na3 Nc6 5. d4 Bd6 6. Bf4 Na5 7. Qc2 e5 8. dxe5 Bc5 9. b4 Bb6 10. bxa5 Bxa5 11. Qb3 Ne4 12. f3 Bxc3+ 13. Kd1 Bxa1 14. fxe4 h6 15. Nc4 g5 16. Be3 d6 17. exd6 Be6 18. Qa4+ c6 19. Bd4 Bxd4 20. e3 Bxe3 21. Nxe3 Qxd6+ 22. Ke1 Rd8 23. Qc2 Bb3 24. Qb2 Ba4 25. Qxh8+ Kd7 26. Qh7 Kc8 27. Qf5+ Rd7 28. Ng4 Qd2# 0-1

[Event "CYCC U12"]
[Site "Kapuskasing CAN"]
[Date "2004.07.09"]
[Round "7"]
[White "Kaufman, Harris"]
[Black "Yam, Richard"]
[Result "1/2-1/2"]
[WhiteElo "1674"]
[BlackElo "1547"]
[PlyCount "40"]
[GameId "2160767911095898"]
[EventDate "2004.07.06"]
[EventType "swiss"]
[EventRounds "7"]
[EventCountry "CAN"]

1. d4 Nf6 2. Nf3 g6 3. Bg5 Bg7 4. Nbd2 d5 5. e3 O-O 6. Bd3 b6 7. O-O Bb7 8. c4 dxc4 9. Bxc4 Nbd7 10. Qb3 c5 11. Rfd1 cxd4 12. exd4 h6 13. Ne5 Nxe5 14. dxe5 hxg5 15. exf6 Bxf6 16. Rac1 Qd4 17. Nf3 Qxb2 18. Qd3 Kg7 19. Rb1 Rad8 20. Qe3 Rxd1+ 1/2-1/2